000 02004cam a22004454i 4500
003 PE-LiUPU
005 20250731173044.0
008 171227s2017 xxk0 r0 000 0 eng d
020 _a9780809153176
035 _a(Sirsi) a240744
040 _aPE-LiUPU
_bspa
_cPE-LiUPU
_erda
049 _aPRUA
082 0 4 _a231.8
_bW92
_223
100 1 _aWright, Catherine,
_eauthor.
245 1 0 _aCreation, God, and humanity :
_bengaging the mystery of suffering within the sacred cosmos /
_cCatherine Wright.
264 1 _aNew York :
_bPaulist Press ;
_c2017
300 _aXIII, 273 páginas ;
_c23 centímetros.
336 _atext
_2rdacontent
337 _aunmediated
_2rdamedia
338 _avolume
_2rdacarrier
505 0 _aScientific earth literacy -- The emergence of scientific earth literacy -- The development of scientific earth literacy -- Scientific earth literacy in theology -- The birth of ecotheology -- Ecological theological anthropology -- First pillar: eschatological hope -- Second pillar: the intrinsic worth of creation -- Third pillar: our sacred cosmic communion -- Fourth pillar: kenosis and the kinetic -- Engaging the mystery of suffering -- Our understandings of suffering -- Suffering in an evolutionary world -- Divine suffering: a map -- Ecosystemic suffering: a window -- Human suffering: looking in the mirror -- New horizons.
526 _aSEG42
526 _aSEG41
526 _aSEG40
526 _aSEG39
526 _aP94
526 _aP87
526 _aP86
526 _aP85
526 _aP77
526 _aP76
526 _aP35
650 0 4 _aHuman ecology.
650 0 4 _aEcologia humana.
910 _adbm
_bksl
_cksl
_d20171227
596 _a1
942 _2ddc
_cBOOK
999 _a231.8 W92
_wLC
_c26428
_i77752
_d26428
_e2018-8-12
_f2021-11-9
_g4
_lCCODEBUL1
_mBUL
_n3
_p35.00
_r0
_sY
_tBOOK
_u2017-12-27
_xTEOLOGIA
_PP85
_0COMPRA
_o.STAFF. Colección Teología
980 _81
_gALBERTO SANCHEZ Responsable de Automatización